00887cam a2200265 a 4500020001500000020001500015040000800030041000800038082002600046245003200072260008900104300003300193490003200226500004500258650002200303650002200325650002900347650001100376650001100387650003000398710003700428942001000465999001700475952012900492 a3527283609 a1560811749 cDLC1 hger00a574 VCH 1991 C154 Or.10a1,1,2,2-Tetrachloroethane / aWeinheim :bVCH Verlagsgesellschaft ;aNew York, NY (USA) :bVCH Publishers,cc1991. axii, 79 p. :bill. ;c21 cm.1 aBUA report (January, 1989), aTranslation of: 1,1,2,2-Tetrachlorethan. 0aTetrachloroethane 0aTetrachloroethane 2aEnvironmental Pollutants 2aEthane 2aEthane 2aHydrocarbons, Chlorinated2 aGesellschaft Deutscher Chemiker. cAEDBB c18911d18911 0010406574_000000000000000_VCH_1991_C154_OR70983613aLBCbLBCd2020-02-11eA39130o574 VCH 1991 C154 Or.r2020-02-11yEK